| 000 | 00446nam a2200121Ia 4500 | ||
|---|---|---|---|
| 008 | 171212s9999 xx 000 0 und d | ||
| 020 | _a9781925261264 | ||
| 100 | _aHemer, Susan R.;Dundon, Alison | ||
| 245 |
_cHemer, Susan R.;Dundon, Alison _aEmotions, Senses, Spaces _bEthnographic Engagements and Intersections |
||
| 260 |
_bUniversity of Adelaide Press _c2016 |
||
| 650 | _aAnthropology | ||
| 856 | _uhttp://jstor.org/stable/10.20851/j.ctt1sq5wpt | ||
| 999 |
_c352916 _d352916 |
||